Fuel cell technician's guide / (Record no. 355427)

000 -LEADER
fixed length control field 00913cam a22003137a 4500
001 - CONTROL NUMBER
control field 17317576
003 - CONTROL NUMBER IDENTIFIER
control field Nust- CAS-E
005 - DATE AND TIME OF LATEST TRANSACTION
control field 20180118181401.0
008 - FIXED-LENGTH DATA ELEMENTS--GENERAL INFORMATION
fixed length control field 120524s2013 nyua 001 0 eng d
010 ## - LIBRARY OF CONGRESS CONTROL NUMBER
LC control number 2012940581
020 ## - INTERNATIONAL STANDARD BOOK NUMBER
International Standard Book Number 9781111318208
020 ## - INTERNATIONAL STANDARD BOOK NUMBER
International Standard Book Number 1111318204
035 ## - SYSTEM CONTROL NUMBER
System control number (OCoLC)ocn810155393
040 ## - CATALOGING SOURCE
Original cataloging agency G7G
Transcribing agency G7G
Modifying agency OCLCO
-- YDXCP
-- BWX
-- DLC
042 ## - AUTHENTICATION CODE
Authentication code lccopycat
050 00 - LIBRARY OF CONGRESS CALL NUMBER
Classification number TK2931
Item number .G54 2013
082 ## - DEWEY DECIMAL CLASSIFICATION NUMBER
Classification number 621.31
Author Mark GLE 2013
100 1# - MAIN ENTRY--PERSONAL NAME
Personal name Gleason, William.
245 10 - TITLE STATEMENT
Title Fuel cell technician's guide /
Statement of responsibility, etc. William Gleason.
250 ## - EDITION STATEMENT
Edition statement 1st ed.
260 ## - PUBLICATION, DISTRIBUTION, ETC.
Place of publication, distribution, etc. Clifton Park, NY :
Name of publisher, distributor, etc. Delmar,
Date of publication, distribution, etc. c2013.
300 ## - PHYSICAL DESCRIPTION
Extent vii, 322 p. :
Other physical details ill. ;
Dimensions 28 cm.
500 ## - GENERAL NOTE
General note Includes index.
650 #0 - SUBJECT ADDED ENTRY--TOPICAL TERM
Topical term or geographic name entry element Fuel cells.
906 ## - LOCAL DATA ELEMENT F, LDF (RLIN)
a 7
b cbc
c copycat
d 2
e ncip
f 20
g y-gencatlg
942 ## - ADDED ENTRY ELEMENTS (KOHA)
Source of classification or shelving scheme
Koha item type Book
Holdings
Withdrawn status Lost status Source of classification or shelving scheme Damaged status Not for loan Collection code Permanent Location Current Location Shelving location Date acquired Source of acquisition Total Checkouts Full call number Barcode Date last seen Cost, replacement price Price effective from Koha item type
            US-Pakistan Center for Advanced Studies in Energy (USPCAS-E) US-Pakistan Center for Advanced Studies in Energy (USPCAS-E) General Stacks 06/14/2013 Victoria co   621.31 GLE 2013 CAS-E0000356 08/20/2014 8892.00 08/20/2014 Book
© 2023 Central Library, National University of Sciences and Technology. All Rights Reserved.